Circonscriptions de police nationale - Statistiques

Statistiques générales
  • Ce quiz a été pris 26 fois
  • Le résultat moyen est 5 sur 24
Statistiques - réponses
Circonscription de Nombre de communes au sein de la circonscription % Correct
Lille 54
95%
Nancy 20
48%
Rouen 34
43%
Caen 18
38%
Amiens 14
29%
Bordeaux 17
29%
Lens 36
29%
Orléans 13
24%
Douai 36
19%
Montereau Fault Yonne 22
19%
Cergy 14
14%
Maubeuge Agglomération 19
14%
Valenciennes 46
14%
Fontainebleau 17
10%
Mantes-La-Jolie 12
10%
Melun Val de Seine 32
10%
Noisiel 14
10%
Saint-Germain-En-Laye 13
10%
Béthune 25
5%
Conflans-Sainte-Honorine 12
5%
Ermont 12
5%
Lagny sur Marne 21
5%
Sainte-Geneviève-des-bois 13
5%
Villeparisis 16
5%
Aucun quiz correspondant
Distribution des résultats
% des personnes avec chaque résultat
Percentile par nombre de réponses
Votre historique - résultats
Vous n’avez pas pris ce quiz